Úverové portfólio vyjadruje kvalitu úverových dlžníkov

Medzipodnikové finančné toky sú negatívne ovplyvnené nedostatkom pracovného kapitálu podnikovej sféry ako celku. Vývoj obežných aktív, finančnej závislosti, vlastného kapitálu a rentabilita fixného kapitálu určujú výšku reálneho pracovného kapitálu úverového dlžníka. Analýza pracovného kapitálu by m...

Description complète

Enregistré dans:
Détails bibliographiques
Auteur principal: Preisinger, Dušan
Format: Chapitre de livre
Langue:slovaque
Sujets:
Tags: Ajouter un tag
Pas de tags, Soyez le premier à ajouter un tag!

MARC

LEADER 00000naa a2200000 4500
001 r033768
005 20221130064125.0
041 0 |a slo 
044 |a SK 
245 1 0 |a Úverové portfólio vyjadruje kvalitu úverových dlžníkov  |c Dušan Preisinger 
520 |a Medzipodnikové finančné toky sú negatívne ovplyvnené nedostatkom pracovného kapitálu podnikovej sféry ako celku. Vývoj obežných aktív, finančnej závislosti, vlastného kapitálu a rentabilita fixného kapitálu určujú výšku reálneho pracovného kapitálu úverového dlžníka. Analýza pracovného kapitálu by mala byť pre banku rozhodujúcim ukazovateľom na posúdenie úverového rizika. 
610 2 0 |a úver bankový 
610 2 0 |a portfólio 
610 2 0 |a riziko 
610 2 0 |a podnik 
610 2 0 |a dlžníci 
610 2 0 |a aktíva 
610 2 0 |a pohľadávky 
610 2 0 |a záväzky 
610 2 0 |a kapitál vlastný 
100 1 |a Preisinger, Dušan